Phân tích điều kiện tự nhiên ảnh hưởng đến sự phát triển và phân bố của vùng chuyên canh cây vải thiều ở huyện Lục Ngạn -Bắc Giang
Cơ sở lý luận và thực tiễn của đề tài. Phân tích các điều kiện tự nhiên ảnh hưởng đến sự phát triển của vùng chuyên canh vải thiều ở huyện Lục Ngạn. Tình hình phát triển và phân bố cây vải thiều của huyện Lục Ngạn. Định hướng và các biện pháp phát triển vùng chuyên canh vải thiều....
Đã lưu trong:
| Tác giả chính: | |
|---|---|
| Tác giả khác: | |
| Định dạng: | Sách |
| Ngôn ngữ: | Vietnamese |
| Được phát hành: |
Đại học Đà Nẵng
Trường Đại học Sư phạm
2010
|
| Loạt: | Khóa luận tốt nghiệp Đại học. Chuyên ngành: Cử nhân Địa lý
|
| Những chủ đề: | |
| Các nhãn: |
Thêm thẻ
Không có thẻ, Là người đầu tiên thẻ bản ghi này!
|
| Thư viện lưu trữ: | Mạng thư viện Đại học Đà Nẵng |
|---|
| LEADER | 01820nam a2200349 4500 | ||
|---|---|---|---|
| 001 | 000011282 | ||
| 003 | 7520 | ||
| 005 | 20120203080201.0 | ||
| 008 | 120203s2010 viesd | ||
| 041 | |a vie | ||
| 072 | |a Khóa luận tốt nghiệp | ||
| 082 | |a 338.14 |b NG-A | ||
| 100 | 1 | |a Nguyễn, Thị Lan Anh | |
| 245 | 1 | |a Phân tích điều kiện tự nhiên ảnh hưởng đến sự phát triển và phân bố của vùng chuyên canh cây vải thiều ở huyện Lục Ngạn -Bắc Giang |c Nguyễn, Thị Lan Anh | |
| 260 | |a Đại học Đà Nẵng |b Trường Đại học Sư phạm |c 2010 | ||
| 300 | |a 60 tr. [10 tr.] |b ảnh m.họa |c 29 cm | ||
| 490 | |a Khóa luận tốt nghiệp Đại học. Chuyên ngành: Cử nhân Địa lý | ||
| 500 | |a Tham khảo + phụ lục [10 tr.] | ||
| 520 | |a Cơ sở lý luận và thực tiễn của đề tài. Phân tích các điều kiện tự nhiên ảnh hưởng đến sự phát triển của vùng chuyên canh vải thiều ở huyện Lục Ngạn. Tình hình phát triển và phân bố cây vải thiều của huyện Lục Ngạn. Định hướng và các biện pháp phát triển vùng chuyên canh vải thiều. | ||
| 653 | |a Khoa Địa lý | ||
| 653 | |a Khóa luận tốt nghiệp Đại học | ||
| 700 | 1 | |a Đậu, Thị Hòa |c TS |e Hướng dẫn | |
| OWN | |a LSP | ||
| AVA | |a UDN50 |b LSP |d 338.14 NG-A |e available |t Error 5001 Not defined in file expand_doc_bib_avail. |f 1 |g 0 |h N |i 0 |k 1 | ||
| 999 | |a From the UDN01 | ||
| AVA | |a UDN50 |b LSP |d 338.14 NG-A |e available |t Error 5001 Not defined in file expand_doc_bib_avail. |f 1 |g 0 |h N |i 0 |k 1 | ||
| TYP | |a Monograph | ||
| TYP | |a Printed language | ||
| 980 | |a Mạng thư viện Đại học Đà Nẵng | ||